000
00281nam a22001337a 4500
082
_a
494
_b
THI/K
100
_a
THIVARI, BHADREENATH
100
_a
SIMH, RAJENDRAPRASAD
245
_a
KAVYATHRA
260
_a
DELHI
_b
RAJKAMAL
300
_a
106
650
_a
POETRY
_z
INDIA
942
_c
BK
999
_c
4500
_d
4500